000 01066cam a2200325 a 4500
005 20260322212035.0
008 data
010 _a 95009141
020 _a0553375296
020 _a9780553375299
040 _aDLC
_cDLC
_dDLC
043 _ar------
050 0 0 _aBL2670
_b.L46 1995
082 0 0 _a299/.4
_220
092 _a299.4 L46 1995
100 1 _aLeonard, Linda Schierse.
245 1 0 _aCreation's heartbeat :
_bfollowing the reindeer spirit /
_cLinda Schierse Leonard.
260 _aNew York :
_bBantam Books,
_c1995.
300 _axvi, 240 p. :
_bmap ;
_c22 cm.
504 _aIncludes bibliographical references (p. [219]-223) and index.
600 1 0 _aLeonard, Linda Schierse.
650 0 _aReindeer
_xReligious aspects.
650 0 _aShamanism
_zArctic regions.
650 0 _aFeminism
_xReligious aspects.
650 0 _aWomen and religion.
651 0 _aArctic regions
_xReligion.
651 0 _aArctic regions
_xDescription and travel.
856 4 2 _3Publisher description
_uhttp://www.loc.gov/catdir/description/random0410/95009141.html
001 data
999 _c827
_d827